Land vs. Land #121 - Statistiken

Allgemein
  • Dieses Quiz wurde 12 mal gespielt
  • Das Durchschnittsergebnis liegt bei 13 aus 14
Antwortstatistiken
Frage Antwort % Korrekt
...Fläche? D.R. Kongo🇨🇩
100%
...Einwohner? D.R. Kongo🇨🇩
100%
...Happy Planet Index? Island🇮🇸
100%
...Gesundheitswesen? Island🇮🇸
100%
...Frieden? Island🇮🇸
100%
...Lebenserwartung? Island🇮🇸
100%
...durchschnittlicher IQ? Island🇮🇸
100%
...Gewinner? Island🇮🇸
100%
...Militär? D.R. Kongo🇨🇩
92%
...Bruttoinlandsprodukt pro Kopf? Island🇮🇸
92%
...Tourismus? Island🇮🇸
92%
...HDI (Human Development Index)? Island🇮🇸
92%
...Bruttoinlandsprodukt? D.R. Kongo🇨🇩
67%
...Exportmengen? D.R. Kongo🇨🇩
58%
Keine übereinstimmenden Quizze gefunden
Verteilung der Resultate
Anzahl Personen mit jedem Resultat
Perzentil nach korrekt beantworteten Fragen
Ihre Resultats-Entwicklung
Sie haben dieses Quiz noch nicht gespielt